[Event "Manila ol (Men)"]
[Site "Manila PHI"]
[Date "1992.??.??"]
[Round "?"]
[White "Meduna, Eduard"]
[Black "Hector, Jonny"]
[Result "0-1"]
[WhiteElo "2500"]
[BlackElo "2535"]
[PlyCount "80"]
[EventDate "1992.06.??"]
[Source "www.chesslib.no"]
[SourceDate "2004.05.04"]

1. d4 d5 2. c4 c6 3. cxd5 cxd5 4. Nc3 e5 5. e3 e4 6. Nge2 Nf6 7. Nf4 Nc6 8. Qb3 Bb4 9. Bd2 O-O 10. a3 Ba5 11. h4 Ne7 12. Be2 a6 13. a4 Bc7 14. g3 Bxf4 15. gxf4 h5 16. Na2 Re8 17. Bb4 Nc6 18. Bc5 Re6 19. Nc3 Na5 20. Qa2 b6 21. Ba3 Rc6 22. Bb4 Nc4 23. a5 Rb8 24. Na4 b5 25. Nc3 Bg4 26. Bxg4 Nxg4 27. b3 Nd6 28. Nxd5 Nf5 29. Nb6 Nxd4 30. exd4 Qxd4 31. Be7 Qc3+ 32. Kf1 Qf3 33. Kg1 e3 34. Rh2 Nxh2 35. Kxh2 exf2 36. Rf1 Rc3 37. Qxf2 Qh3+ 38. Kg1 Rg3+ 39. Qxg3 Qxg3+ 40. Kh1 Qh3+ 0-1

[Event "It (Men)"]
[Site "?"]
[Date "2005.11.21"]
[Round "4"]
[White "Atalik Suat"]
[Black "Polovnikova Ekaterina"]
[Result "1/2-1/2"]
[WhiteElo "2620"]
[BlackElo "2414"]
[PlyCount "25"]
[EventDate "2005.??.??"]
[Source "www.chesslib.no"]
[SourceDate "2004.05.04"]

1. d4 d5 2. c4 c6 3. cxd5 cxd5 4. Bf4 Nf6 5. e3 e6 6. Nc3 Bd6 7. Bxd6 Qxd6 8. f4 O-O 9. Bd3 b6 10. Qe2 Nc6 11. a3 Bb7 12. Nf3 Rfc8 13. O-O 1/2-1/2

[Event "URS Ch otbor"]
[Site "Pavlodar"]
[Date "1987.??.??"]
[Round "?"]
[White "Dokhoian, Yury R"]
[Black "Chekhov, Valery A"]
[Result "1/2-1/2"]
[WhiteElo "2530"]
[BlackElo "2500"]
[PlyCount "62"]
[EventDate "1987.??.??"]
[Source "www.chesslib.no"]
[SourceDate "2004.05.04"]

1. d4 d5 2. c4 c6 3. cxd5 cxd5 4. Nc3 Nf6 5. Bf4 Nc6 6. e3 Bf5 7. Bd3 Bxd3 8. Qxd3 e6 9. Nge2 Bd6 10. O-O Bxf4 11. Nxf4 O-O 12. Qe2 Qe7 13. Nd3 Rfc8 14. Rfc1 Nd7 15. Rc2 Nb4 16. Nxb4 Qxb4 17. Rac1 a6 18. h3 Nb6 19. Nd1 Rxc2 20. Rxc2 Rc8 21. Rxc8+ Nxc8 22. Nc3 h6 23. Qc2 Nd6 24. b3 Nb5 25. Nxb5 Qxb5 26. Qc8+ Kh7 27. Qc2+ g6 28. h4 h5 29. Qc7 Kg7 30. Qe5+ Kg8 31. Qb8+ Kg7 1/2-1/2

[Event "Soviet Union"]
[Site "Soviet Union"]
[Date "1980.??.??"]
[Round "?"]
[White "Rashkovsky, Nukhim N"]
[Black "Gufeld, Eduard E"]
[Result "1-0"]
[WhiteElo "2520"]
[BlackElo "2510"]
[PlyCount "54"]
[EventDate "1980.??.??"]
[Source "www.chesslib.no"]
[SourceDate "2004.05.04"]

1. d4 d5 2. c4 c6 3. cxd5 cxd5 4. Nc3 Nf6 5. Bf4 Nc6 6. e3 e6 7. Bd3 Bd6 8. Bxd6 Qxd6 9. f4 O-O 10. Nf3 Nb4 11. Bb1 b6 12. a3 Nc6 13. O-O Ba6 14. Rf2 Ne7 15. Ne5 Nf5 16. Rf3 Bb7 17. Rh3 Ne4 18. Bxe4 dxe4 19. Qh5 h6 20. g4 Nxe3 21. Rxe3 Qxd4 22. Rae1 Rad8 23. Qh4 Qc5 24. Qf2 f5 25. gxf5 exf5 26. Rg3 Qd6 27. h3 Qe6 1-0

[Event "Ch (Men) Yerevan ARM"]
[Site "?"]
[Date "2006.03.16"]
[Round "1"]
[White "Kotanjian Tigran"]
[Black "Petrosian Tigran L"]
[Result "0-1"]
[WhiteElo "2471"]
[BlackElo "2558"]
[PlyCount "110"]
[EventDate "2006.??.??"]
[Source "www.chesslib.no"]
[SourceDate "2004.05.04"]

1. d4 d5 2. c4 c6 3. cxd5 cxd5 4. Nc3 Nf6 5. Bf4 Nc6 6. e3 a6 7. Bd3 Bg4 8. Nge2 e6 9. Rc1 Bd6 10. f3 Bh5 11. O-O O-O 12. Bxd6 Qxd6 13. Nf4 Bg6 14. Nxg6 hxg6 15. f4 Rac8 16. Na4 Nd7 17. Qd2 Qb4 18. Qxb4 Nxb4 19. Bb1 b5 20. Nc3 Nb6 21. b3 Nd7 22. Kf2 f5 23. a4 Rb8 24. axb5 axb5 25. Ke2 Nf6 26. Kd2 Rfc8 27. Ne2 Ne4+ 28. Bxe4 dxe4 29. Rxc8+ Rxc8 30. Nc3 Ra8 31. Rc1 Ra5 32. g4 Kf7 33. g5 Ke7 34. Rb1 Kd7 35. Rc1 Ra3 36. Rb1 Kc6 37. h3 Kb6 38. h4 Ka5 39. Kd1 Ka6 40. Kd2 Kb6 41. Rb2 Nd3 42. Rc2 Nb4 43. Rb2 Ka5 44. Rb1 Nd3 45. Kd1 b4 46. Na4 Kb5 47. Nc5 Nxc5 48. dxc5 Kxc5 49. Rc1+ Kd6 50. Rc8 Rxb3 51. Ke2 Rd3 52. Rg8 b3 53. Rxg7 Kc6 54. Rg8 Kc7 55. Rg7+ Rd7 0-1

[Event "Pancevo"]
[Site "Pancevo"]
[Date "1987.??.??"]
[Round "?"]
[White "Rajna, George"]
[Black "Marjanovic, Slavoljub"]
[Result "1/2-1/2"]
[WhiteElo "2520"]
[BlackElo "2505"]
[PlyCount "26"]
[EventDate "1987.09.??"]
[Source "www.chesslib.no"]
[SourceDate "2004.05.04"]

1. d4 d5 2. c4 c6 3. cxd5 cxd5 4. Bf4 Nc6 5. e3 Nf6 6. Nc3 Bf5 7. Bd3 Bxd3 8. Qxd3 e6 9. Nf3 Be7 10. O-O O-O 11. Ne5 Nxe5 12. Bxe5 Nd7 13. Bg3 a6 1/2-1/2

[Event "Canada op"]
[Site "?"]
[Date "2000.07.13"]
[Round "7"]
[White "Spraggett Kevin B"]
[Black "Tyomkin Dimitri"]
[Result "1-0"]
[WhiteElo "2501"]
[BlackElo "2522"]
[PlyCount "187"]
[EventDate "2000.??.??"]
[Source "www.chesslib.no"]
[SourceDate "2004.05.04"]

1. d4 d5 2. c4 c6 3. cxd5 cxd5 4. Bf4 Nc6 5. e3 Nf6 6. Nc3 a6 7. Bd3 e6 8. Rc1 Bd7 9. h3 Rc8 10. Nf3 Be7 11. O-O O-O 12. a3 b5 13. Ne5 Qb6 14. Bg5 Rfd8 15. Bxf6 Bxf6 16. Bxh7+ Kf8 17. Ng4 Be7 18. Bd3 f5 19. Nh2 Bf6 20. f4 Na5 21. Nf3 Nc4 22. Bxc4 Rxc4 23. Ne2 b4 24. g4 bxa3 25. bxa3 Qb2 26. gxf5 Qxa3 27. Qd2 exf5 28. Ne5 Rxc1 29. Rxc1 Be8 30. Rc2 Rb8 31. Nc3 Qb3 32. Nd3 Qa3 33. Nc5 Qa1+ 34. Kg2 Bb5 35. Rc1 Qa5 36. Rc2 Kf7 37. Ra2 Qb6 38. Nxb5 Qxb5 39. Nxa6 Ra8 40. Nc5 Rxa2 41. Qxa2 Kg6 42. Qd2 Kh6 43. Nd3 g6 44. Ne1 Qc4 45. Nf3 Qb3 46. Kf2 Qb1 47. Qe2 Qa1 48. Qc2 Qa6 49. Qc5 Qe6 50. Qc7 Be7 51. Qb8 Kg7 52. Qb7 Kh6 53. Ke2 Bf6 54. Qa8 Kg7 55. Qa7+ Kh6 56. Qb7 Be7 57. h4 Kh5 58. Qa8 Bf6 59. Qb7 Kg4 60. Qb1 Kh5 61. Ng5 Qa6+ 62. Kf2 Qc4 63. Qd1+ Kh6 64. Nf3 Qa2+ 65. Kg3 Qa3 66. Qe2 Be7 67. h5 gxh5 68. Ne5 Bf6 69. Kh2 Qe7 70. Qa6 Kg7 71. Kg3 Qb4 72. Qe2 Kh6 73. Kh3 Qc3 74. Kh2 Bxe5 75. dxe5 h4 76. Qg2 Qxe3 77. Qg5+ Kh7 78. Qxh4+ Kg7 79. Qg5+ Kf7 80. Qxf5+ Ke7 81. Qf6+ Ke8 82. e6 Qe2+ 83. Kg3 Qe1+ 84. Kg4 Qe2+ 85. Kg5 Qg2+ 86. Kh6 Qh3+ 87. Kg7 Qg4+ 88. Qg6+ Qxg6+ 89. Kxg6 Kf8 90. Kf6 d4 91. e7+ Ke8 92. Ke6 d3 93. f5 d2 94. f6 1-0

[Event "CUB-ch"]
[Site "Matanzas"]
[Date "1997.??.??"]
[Round "7"]
[White "Pecorelli Garcia, Humberto"]
[Black "Arencibia, Walter"]
[Result "1/2-1/2"]
[WhiteElo "2460"]
[BlackElo "2560"]
[PlyCount "22"]
[EventDate "1997.03.15"]
[Source "ChessBase"]

1. d4 d5 2. c4 c6 3. cxd5 cxd5 4. Nc3 Nc6 5. Bf4 Bf5 6. e3 e6 7. Bd3 Bxd3 8. Qxd3 Bd6 9. Bxd6 Qxd6 10. Nge2 Nf6 11. O-O O-O 1/2-1/2

[Event "Budapest HUN"]
[Site "?"]
[Date "2006.06.05"]
[Round "2"]
[White "Kosic Dragan"]
[Black "Ilincic Zlatko"]
[Result "1/2-1/2"]
[WhiteElo "2482"]
[BlackElo "2536"]
[PlyCount "24"]
[EventDate "2006.??.??"]
[Source "www.chesslib.no"]
[SourceDate "2004.05.04"]

1. d4 d5 2. c4 c6 3. cxd5 cxd5 4. Nc3 e6 5. Bf4 Bd6 6. Bxd6 Qxd6 7. e3 Bd7 8. Nf3 Nf6 9. Bd3 O-O 10. O-O a6 11. Rc1 b5 12. Ne5 Nc6 1/2-1/2

[Event "Andorra la Vella op"]
[Site "Andorra la Vella"]
[Date "1999.07.03"]
[Round "8"]
[White "Narciso Dublan, Marc"]
[Black "Delchev, Aleksander"]
[Result "1/2-1/2"]
[WhiteElo "2469"]
[BlackElo "2548"]
[PlyCount "31"]
[EventDate "1999.06.27"]
[Source "www.chesslib.no"]
[SourceDate "2004.05.04"]

1. d4 d5 2. c4 c6 3. cxd5 cxd5 4. Bf4 Nc6 5. e3 Qb6 6. Nc3 e5 7. Bxe5 Qxb2 8. Nxd5 Bb4+ 9. Nxb4 Qc3+ 10. Ke2 Nxe5 11. Rb1 a5 12. Rb3 Qc7 13. Qc2 Qd8 14. Nd3 Nc6 15. Nf3 Nge7 16. Kd2 1/2-1/2

[Event "Ch Bosnia & Herzegovina (team)"]
[Site "Vogosca (Bosnia & Herzegovina"]
[Date "2007.06.07"]
[Round "6"]
[White "Doric Darko (CRO)"]
[Black "Ruck Robert (HUN)"]
[Result "1/2-1/2"]
[WhiteElo "2482"]
[BlackElo "2534"]
[PlyCount "35"]
[EventDate "2007.??.??"]
[Source "www.chesslib.no"]
[SourceDate "2004.05.04"]

1. d4 d5 2. c4 c6 3. cxd5 cxd5 4. Nc3 Nf6 5. Bf4 Nc6 6. e3 a6 7. Bd3 Bg4 8. Nge2 e6 9. O-O Be7 10. Rc1 O-O 11. f3 Bh5 12. Na4 Nd7 13. Qb3 Ra7 14. a3 Bg6 15. Bxg6 hxg6 16. Qd3 Nb6 17. Nxb6 Qxb6 18. b4 1/2-1/2

[Event "Brocco Open"]
[Site "Brocco"]
[Date "1991.??.??"]
[Round "7"]
[White "Gheorghiu, Florin"]
[Black "Sosonko, Gennadi P"]
[Result "1/2-1/2"]
[WhiteElo "2495"]
[BlackElo "2520"]
[PlyCount "29"]
[EventDate "1991.??.??"]
[Source "www.chesslib.no"]
[SourceDate "2004.05.04"]

1. d4 d5 2. c4 c6 3. cxd5 cxd5 4. Nc3 Nf6 5. Bf4 Nc6 6. e3 e6 7. Bd3 Bd6 8. Bxd6 Qxd6 9. Nf3 Bd7 10. O-O O-O 11. Rc1 Rfc8 12. Qe2 a6 13. Rfd1 Rc7 14. e4 dxe4 15. Nxe4 1/2-1/2

[Event "North American Open, Las Vegas USA"]
[Site "?"]
[Date "2000.??.??"]
[Round "3"]
[White "Adianto, U."]
[Black "Andrianov, N."]
[Result "1/2-1/2"]
[WhiteElo "2580"]
[BlackElo "2435"]
[PlyCount "61"]
[EventDate "2000.??.??"]
[Source "www.chesslib.no"]
[SourceDate "2004.05.04"]

1. d4 d5 2. c4 c6 3. cxd5 cxd5 4. Nc3 Nf6 5. Bf4 Nc6 6. e3 a6 7. Nf3 Bg4 8. Qb3 Bxf3 9. gxf3 Na5 10. Qa4+ Nc6 11. Qb3 Na5 12. Qa4+ Nc6 13. Bd3 e6 14. O-O Be7 15. Rac1 O-O 16. Qb3 Na5 17. Qc2 Rc8 18. Qe2 Qd7 19. Be5 Nc4 20. b3 Nxe5 21. dxe5 Nh5 22. Na4 Rc6 23. Bb1 g6 24. Nb2 Rxc1 25. Rxc1 Rc8 26. Rd1 Rc3 27. Nd3 Qc6 28. Ne1 Rc1 29. Nc2 Rxd1+ 30. Qxd1 Qc3 31. Qd4 1/2-1/2

[Event "Bundesliga B East 2007/08"]
[Site "Austria"]
[Date "2008.01.26"]
[Round "6"]
[White "Chernin Alexander (HUN)"]
[Black "Videki Sandor (HUN)"]
[Result "1/2-1/2"]
[WhiteElo "2587"]
[BlackElo "2418"]
[PlyCount "38"]
[EventDate "2008.??.??"]
[Source "www.chesslib.no"]
[SourceDate "2004.05.04"]

1. d4 d5 2. c4 c6 3. cxd5 cxd5 4. Nc3 Nf6 5. Bf4 Nc6 6. e3 a6 7. Bd3 Bg4 8. Nge2 e6 9. O-O Bxe2 10. Qxe2 Bd6 11. Bg5 Be7 12. Rac1 O-O 13. a3 h6 14. Bh4 Nd7 15. Bg3 Nb6 16. Nb1 Qd7 17. Nd2 Rfc8 18. Nf3 f5 19. h3 Bf6 1/2-1/2

[Event "Moscow-ch"]
[Site "Moscow"]
[Date "1982.??.??"]
[Round "2"]
[White "Vasiukov, Evgeni"]
[Black "Makarichev, Sergey"]
[Result "1/2-1/2"]
[WhiteElo "2495"]
[BlackElo "2505"]
[PlyCount "33"]
[EventDate "1982.02.??"]
[Source "ChessBase"]

1. d4 d5 2. c4 c6 3. cxd5 cxd5 4. Nc3 Nf6 5. Bf4 Nc6 6. e3 Bf5 7. Bd3 Bxd3 8. Qxd3 e6 9. Nf3 Bd6 10. Bxd6 Qxd6 11. O-O O-O 12. Rfc1 Rfc8 13. h3 g6 14. Ne2 Ne7 15. Rxc8+ Rxc8 16. Rc1 Rxc1+ 17. Nxc1 1/2-1/2